000 00472nam a22001697a 4500
999 _c6409
_d6407
005 20210904102753.0
008 200521b xxu||||| |||| 00| 0 eng d
020 _a978938485251
041 _aeng
082 _a346 KAP
100 _aKapoor's Dr. S.K
_95722
245 _aLaw of Torts: Along with Consumer Protection Act,1986 and compensation Under Motor Vehicles Act
260 _aAllahabad
_bCentral Law Agency
300 _a588p.
650 _aLaw
_95701
942 _cBK